| 000 | 00797nab a2200241 u 4500 | ||
|---|---|---|---|
| 001 | 09682 | ||
| 003 | HDC | ||
| 007 | cr bn ---aaaaa | ||
| 008 | 210202c20141113my dr|nes 0 a may d | ||
| 040 | _aHDC | ||
| 245 | 0 | _aAl Toyibah buka kilang proses ayam segar RM1.5 juta di Kulim | |
| 260 |
_aKuala Lumpur : _bMedia Mulia Sdn. Bhd., _c2014 |
||
| 336 |
_atext _2rdacontent |
||
| 337 |
_acomputer _2rdamedia |
||
| 338 |
_aonline resource _2rdacarrier |
||
| 650 |
_aHalal certificate _9482 |
||
| 650 |
_aHalal food industry _9128 |
||
| 710 | _aUtusan Malaysia | ||
| 856 | _zRequest full-text at [email protected] | ||
| 942 | _2lcc | ||
| 942 | _cNEWS | ||
| 942 | _kNWSC 000989 | ||
| 999 |
_c7005 _d7005 |
||